书目信息 |
| 题名: |
博士研究生英语续读
|
|
| 作者: | 李晓棣 , 张文芝 编著 | |
| 分册: | ||
| 出版信息: | 北京 科学出版社 2002.11 |
|
| 页数: | 285页 | |
| 开本: | 26cm | |
| 丛书名: | 中国科学院研究生教学丛书 | |
| 单 册: | ||
| 中图分类: | H319.4 | |
| 科图分类: | ||
| 主题词: | 英语--ying yu--阅读教学--研究生--教材 | |
| 电子资源: | ||
| ISBN: | 7-03-010902-3 | |
| 000 | 01086nam 2200277 450 | |
| 001 | 357194 | |
| 005 | 20030514165059.4 | |
| 010 | @a7-03-010902-3@dCNY30.00 | |
| 100 | @a20021129e20072002ekmy0chiy0121 ea | |
| 101 | 0 | @aeng@achi |
| 102 | @aCN@b110000 | |
| 105 | @ay z 000yy | |
| 106 | @ar | |
| 200 | 1 | @a博士研究生英语续读@Abo shi yan jiu sheng ying yu xu dU@f李晓棣, 张文芝编著 |
| 210 | @a北京@c科学出版社@d2002.11@h2007.01 | |
| 215 | @a285页@d26cm | |
| 225 | 2 | @a中国科学院研究生教学丛书@Azhong guo ke xue yuan yan jiu sheng jiao xue cong shu@i研究生英语系列教材 |
| 300 | @a普通高等教育“九五”国家级重点教材 | |
| 330 | @a本书是与《博士研究生英语精读》配套的的泛读材料,全书分为十二个单元,每个单元有2-4篇阅读文章,大部分选自美国的出版物,分别从不同的角度和层面围绕主题进行探讨。 | |
| 410 | 0 | @12001 @a中国科学院研究生教学丛书@i研究生英语系列教材 |
| 606 | 0 | @a英语@Aying yu@x阅读教学@x研究生@j教材 |
| 690 | @aH319.4@v4 | |
| 701 | 0 | @a李晓棣@Ali xiao di@4编著 |
| 701 | 0 | @a张文芝@Azhang wen zhi@4编著 |
| 801 | 0 | @aCN@b@c20021129 |
| 905 | @b673758-60@dH319.4@eL2901@f3 | |
| 博士研究生英语续读/李晓棣, 张文芝编著.-北京:科学出版社,2002.11(2007.01) |
| 285页;26cm.-(中国科学院研究生教学丛书.研究生英语系列教材) |
| 普通高等教育“九五”国家级重点教材 |
| ISBN 7-03-010902-3:CNY30.00 |
| 本书是与《博士研究生英语精读》配套的的泛读材料,全书分为十二个单元,每个单元有2-4篇阅读文章,大部分选自美国的出版物,分别从不同的角度和层面围绕主题进行探讨。 |
| ● |
| 相关链接 |
|
|
|
正题名:博士研究生英语续读
索取号:H319.4/L2901
 
预约/预借
| 序号 | 登录号 | 条形码 | 馆藏地/架位号 | 状态 | 备注 |
| 1 | 673758 | 206737584 | 语言库209/209语言库 46排7列1层/ [索取号:H319.4/L2901] | 在馆 | |
| 2 | 673759 | 206737593 | 语言库209/209语言库 46排7列1层/ [索取号:H319.4/L2901] | 在馆 | |
| 3 | 673760 | 206737600 | 语言库209/ [索取号:H319.4/L2901] |
已借出,限还日期为2009.06.19 借出人:袁小琨 |